000 01697nam0a2200349 i 4500
001 RU\NLR\BIBL_A\010347510
005 20240921164347.0
010 _a9785903232413
_9500
021 _aRU
_b14-13332
035 _a(NILC)RuMoRGB-006751008
035 _a(NLR Aleph) 010347510
090 _a10731184
_c10731184
100 _a20140425d2014 u y0rusy50 ca
101 0 _arus
102 _aRU
105 _aa|||z|||1||||
200 1 _aФизико-химические измерения
_eдоклады совещания Подкомитета КООМЕТ ПК 1.8.1. "Электрохимия", 17-18 сентября 2013 года
_gпод ред. к.ф.-м.н. М. В. Балаханова
210 _aМенделеево
_cВНИИФТРИ
_d2014
215 _a70 с.
_cил.
_d20
300 _aВ надзаг.: ВНИИФТРИ
320 _aБиблиогр. в конце докл.
606 _aЭлектрохимические измерения
_jСъезды, совещания и т.п
_xМетрологическое обеспечение
_92238393
_3RU\NLR\AUTH\661343255
675 _a544.6(082)
686 1 _aГ57с.я431
702 1 _aБалаханов
_bМ. В.
_gМихаил Валентинович
_4340
711 0 2 _aЕвроазиатское сотрудничество государственных метрологических учреждений
_bПодкомитет
_bСовещание
_eпос. Менделеево, Московская обл.
_f2013
_9400564
_3RU\NLR\AUTH\880366943
801 0 _aRU
_bRuMoRKP
_c20140303
_gRCR
801 2 _aRU
_bРГБ
_c20140416
_grcr
942 _cBOOK
980 _aNBR